[Event "Llinars del Valles op-B 8th"]
[Site "Llinars del Valles"]
[Date "2014.05.17"]
[Round "4"]
[White "Barrios Rosas, Marti"]
[Black "Masdemont Serra, Guillem"]
[Result "0-1"]
[WhiteElo "1745"]
[BlackElo "1899"]
[PlyCount "98"]
[EventDate "2014.04.26"]
[EventType "swiss"]
[EventRounds "8"]
[EventCountry "ESP"]
[SourceTitle "EXT 2015"]
[Source "ChessBase"]
[SourceDate "2014.11.20"]
[SourceVersion "1"]
[SourceVersionDate "2014.11.20"]
[SourceQuality "1"]

1. e4 e5 2. Nf3 Nc6 3. Bb5 a6 4. Bxc6 dxc6 5. 0-0 f6 6. Nc3 Bg4 7. h3 Bh5 8. d3 Qd7 9. Be3 g5 10. Qe2 Qf7 11. d4 g4 12. hxg4 Bxg4 13. Rad1 Bd6 14. dxe5 fxe5 15. Nxe5 Bxe2 16. Nxf7 Bxf1 17. Nxh8 Bc4 18. Bd4 Ke7 19. e5 Bb4 20. Ne4 Be6 21. a3 Ba5 22. Bc5+ Ke8 23. Ng5 Bd5 24. e6 Nh6 25. e7 b6 26. b4 bxc5 27. bxa5 Kxe7 28. Re1+ Kd7 29. Nxh7 Rxh8 30. Nf6+ Kd6 31. Nxd5 cxd5 32. Rd1 Re8 33. c4 c6 34. cxd5 cxd5 35. Rb1 Rc8 36. Rb6+ Rc6 37. f4 Rxb6 38. axb6 Kc6 39. b7 Kxb7 40. Kf2 c4 41. Ke2 c3 42. Kd1 d4 43. Kc2 Kc7 44. f5 Nxf5 45. g4 Ng7 46. g5 Kd7 47. g6 Ke6 48. Kd3 Kf6 49. a4 Kxg6 0-1